Bipradas / | बिप्रदास / (Record no. 12952)

000 -LEADER
fixed length control field 00424nam a22001457a 4500
008 - FIXED-LENGTH DATA ELEMENTS--GENERAL INFORMATION
fixed length control field 211229b ||||| |||| 00| 0 eng d
041 ## - LANGUAGE CODE
Language code of text/sound track or separate title hin
100 ## - MAIN ENTRY--PERSONAL NAME
9 (RLIN) 3544
Personal name Chatterjee, Sarat Chandra
245 10 - TITLE STATEMENT
Title Bipradas /
Title बिप्रदास /
260 ## - PUBLICATION, DISTRIBUTION, ETC. (IMPRINT)
Place of publication, distribution, etc Kolkata:
Name of publisher, distributor, etc Sanmarg Prakashan,
Date of publication, distribution, etc c
300 ## - PHYSICAL DESCRIPTION
Extent x
650 #0 - SUBJECT ADDED ENTRY--TOPICAL TERM
Topical term or geographic name as entry element Hindi Literature
General subdivision Hindi Fiction
942 ## - ADDED ENTRY ELEMENTS (KOHA)
Item type Books
Holdings
Withdrawn status Lost status Source of classification or shelving scheme Damaged status Not for loan Permanent location Current location Date acquired Source of acquisition Cost, normal purchase price Total Checkouts Full call number Barcode Date last seen Date last borrowed Cost, replacement price Koha item type
          IMU Kolkata IMU Kolkata 1991-03-11 Pracharak Book Centre 35.00 1 891.4309 C4952 07904 2023-02-23 2023-02-23 35.00 Books
Designed and Maintained by IMU-KC Library, Kolkata Campus © Copyright All Rights Reserved

webs counters

Powered by Koha